States with Majority Black Counties - Statistics

General Stats
  • This quiz has been taken 142 times
  • The average score is 11 of 12
Answer Stats
Hint Answer % Correct
1 Florida
98%
17 Georgia
98%
25 Mississippi
98%
11 Alabama
97%
12 South Carolina
97%
7 North Carolina
96%
10 Virginia
92%
8 Louisiana
90%
2 Tennessee
90%
6 Arkansas
83%
1 Missouri
78%
2 Maryland
75%
No matching quizzes found
Score Distribution
Percent of People with Each Score
Percentile by Number Answered
Your Score History
You have not taken this quiz